|
|
|
|
| LEADER |
00000nab a2200000 a 4500 |
| 001 |
vtls000106396 |
| 003 |
SK-MaSNL |
| 005 |
20260303024202.0 |
| 008 |
220422c1982 xo 0 slo |
| 015 |
|
|
|a SNBRB19rr/mm-uuuuu
|
| 035 |
|
|
|a CL0116499
|
| 040 |
|
|
|a SNKBUCL
|b slo
|c SNKBUCL
|e AACR2
|
| 041 |
0 |
|
|a slo
|
| 044 |
|
|
|a xo
|c SK
|
| 080 |
|
|
|a 947
|2 1981
|
| 080 |
|
|
|a 329.14(47
|2 1981
|
| 100 |
1 |
|
|a -jk-
|4 aut
|9 865209
|
| 245 |
1 |
0 |
|a Dejinná udalosť v Lidovom dome
|b Sedemdesiat rokov od VI. (pražskej) konferencie SDRSR
|c -jk-
|
| 300 |
|
|
|b Obr. 2.
|
| 610 |
2 |
7 |
|a Rossijskaja social-demokratičeskaja rabočaja partija
|2 snkbucl
|9 174088
|
| 655 |
|
7 |
|a články z novín a časopisov
|2 snkbucl
|9 267496
|
| 773 |
0 |
|
|t Práca
|g Roč. 37, č. 13 (16. 1. 1982), s. 7
|
| 850 |
|
|
|a Slovenská národná knižnica v Martine
|a MTA001
|
| 852 |
|
|
|a SNK
|b KIS3GCP
|
| 958 |
|
|
|a RK
|
| 958 |
|
|
|a ME
|
| 992 |
|
|
|a RBX
|
| 999 |
|
|
|c 1638921
|d 1640851
|